LEADER 01078nam0-22003491i-450- 001 990000555810403321 005 20001010 010 $a975 561 112 6 035 $a000055581 035 $aFED01000055581 035 $a(Aleph)000055581FED01 035 $a000055581 100 $a20001010d--------km-y0itay50------ba 101 0 $aita 105 $ay-------001yy 200 1 $a8th congress of the international maritime association of mediterranean. Proceedings . 2 - 9 November 1997$fOsman Kamil Sag (ed)$gIMAM 210 $aIstanbul$cUniversity Press$d1997 215 $a1/3 v.$d30 cm$dp. 610 0 $aArchitettura navale 610 0 $aCostruzioni navali 676 $a623.8$a623.819 702 1$aSag,$bOsman Kamil 710 02$aIMAM$030048 712 02$aIMAM 801 0$aIT$bUNINA$gRICA$2UNIMARC 901 $aBK 912 $a990000555810403321 952 $a05 66 146$b$fDININ 959 $aDININ 996 $a8th congress of the international maritime association of mediterranean. Proceedings . 2 - 9 November 1997$9320410 997 $aUNINA DB $aING01 LEADER 01563nam 2200481 450 001 9910151621603321 005 20161129074445.0 035 $a(CKB)3710000000941964 035 $a(MiAaPQ)EBC4733141 035 $a(DLC) 2016039494 035 $a(EXLCZ)993710000000941964 100 $a20161122h20162016 uy 0 101 0 $aeng 135 $aurcnu|||||||| 181 $2rdacontent 182 $2rdamedia 183 $2rdacarrier 200 00$aBeyond commodities $ethe growth challenge in Latin America and the Caribbean /$fJorge Thompson Araujo [and four others] 210 1$aWashington, District of Columbia :$cWorld Bank Group,$d2016. 210 4$d©2016 215 $a1 online resource (191 pages) $cillustrations (some color), charts 225 1 $aLatin American Development Forum 311 $a1-4648-0658-6 311 $a1-4648-0659-4 320 $aIncludes bibliographical references at the end of each chapters. 410 0$aLatin American development forum. 606 $aEconomic development$zLatin America 606 $aEconomic development$zCaribbean Area 607 $aLatin America$xEconomic policy 607 $aCaribbean Area$xEconomic policy 608 $aElectronic books. 615 0$aEconomic development 615 0$aEconomic development 676 $a338.98 702 $aThompson Araujo$b Jorge 712 02$aWorld Bank, 801 0$bMiAaPQ 801 1$bMiAaPQ 801 2$bMiAaPQ 906 $aBOOK 912 $a9910151621603321 996 $aBeyond commodities$92454952 997 $aUNINA LEADER 03562nam 22006495 450 001 9910299478903321 005 20251230061714.0 010 $a9783319022949 010 $a3319022946 024 7 $a10.1007/978-3-319-02294-9 035 $a(OCoLC)865655693 035 $a(MiFhGG)GVRL6UOT 035 $a(CKB)2670000000428491 035 $a(MiAaPQ)EBC1466774 035 $a(MiFhGG)9783319022949 035 $a(DE-He213)978-3-319-02294-9 035 $a(EXLCZ)992670000000428491 100 $a20130912d2014 u| 0 101 0 $aeng 135 $aurun|---uuuua 181 $ctxt 182 $cc 183 $acr 200 10$aMechatronics 2013 $eRecent Technological and Scientific Advances /$fedited by Tomá? B?ezina, Ryszard Jablo?ski 205 $a1st ed. 2014. 210 1$aCham :$cSpringer International Publishing :$cImprint: Springer,$d2014. 215 $a1 online resource (xvi, 902 pages) $cillustrations (some color) 225 0 $aGale eBooks 300 $aIncludes index. 311 08$a9783319022932 311 08$a3319022938 320 $aIncludes bibliographical references and index. 327 $aDesign, Modeling and Simulation of Mechatronic systems -- Electrical Machines, Drives & Power Electronics -- Measurement and Diagnostics -- Robotics -- Control and Automation -- Biomedical and Biomechanical Engineering -- Mechatronic Education. 330 $aMechatronics, as the integrating framework of mechanical engineering, electrical engineering, computer technology, control engineering and automation forms a crucial part in the design, manufacture and maintenance of a wide range of engineering products and processes. The mechatronics itself changes rapidly in last decade, from original mixture of subfields into original approach in engineering as a technical discipline. The book you are holding is aimed to help the reader to orient in this evolving field of science and technology. ?Mechatronics 2013: Recent Technological and Scientific Advances? is the fourth volume following the previous editions in 2007, 2009 and 2011, providing the comprehensive and accessible coverage of advances in mechatronics presented on the 10th International Conference Mechatronics 2013, hosted this year at the Brno University of Technology, Czech Republic. The contributions, that passed the thorough review process, give an insight into current trends in research and development among Mechatronics 2013 contributing countries, with paper topics covering design and modeling of mechatronic systems, control and automation, signal processing, robotics and others, keeping in mind the innovation benefits of mechatronics design approach, leading to the development, production and daily use of machines and devices possessing a certain degree of computer based intelligence. 606 $aMechatronics 606 $aAutomatic control 606 $aRobotics 606 $aAutomation 606 $aMechatronics 606 $aControl, Robotics, Automation 615 0$aMechatronics. 615 0$aAutomatic control. 615 0$aRobotics. 615 0$aAutomation. 615 14$aMechatronics. 615 24$aControl, Robotics, Automation. 676 $a621 676 $a629.8 702 $aBrezina$b Tomas 702 $aJablonski$b Ryszard 712 12$aInternational Conference Mechatronics$d(10th :$f2013 :$eBrno, Czech Republic) 801 0$bMiFhGG 801 1$bMiFhGG 906 $aBOOK 912 $a9910299478903321 996 $aMechatronics 2013$92294305 997 $aUNINA